00885nam a2200205 a 450000100100000000500170001000800410002704000250006808200200009310000260011324000260013924501360016526000460030130000210034765000250036865000360039370000420042995201910047199900170066200003483620260213092102.0111020s1975 ag 000 0 spa d aDO-SdBNPbspacBNPHU a294.3927bW348f1 aWatts, Alan W.96036110aThis is itlEspañol10aFormas del zen :by otros ensayos sobre el zen y la experiencia espiritual /cAlan W. Watts , traducción Zohar Ramón Del Campo. aBuenos Aires, Argentina :bDedalo,c1975. a155 p. ;c20 cm. 0aBudismo (Zen)911165 4aFilosofía y religión94562012aCampo, Zohar Ramón del,etr.960362 001050718MOaGRbGRcHDd2011-10-20iLF1l0o294.3927 W348fp34836-10r2020-06-25w2020-06-25y1zPerteneció a la biblioteca personal de Juan Isidro Jimenes- GrullónZNo se presta c34327d34327